00603cam a22002053a 450000100060000000300060000600500170001200800410002904000150007004200070008505000070009210000370009924500890013626000290022550600300025451600200028465300220030483000290032685600420035526836PGUSA20140828083559.0081007s2008||||xxu|||||s|||||000 | eng d aPGUSAbeng adc 4aRC1 aWarren, John Collins,d1778-185610aCases of Organic Diseases of the Hearth[electronic resource] /cJohn Collins Warren bProject Gutenberg,c2008 aPublic domain in the USA. aElectronic text aHeart -- Diseases 0aProject Gutenbergv2683640uhttp://www.gutenberg.org/ebooks/26836